| 000 | 00412nam a2200181Ia 4500 | ||
|---|---|---|---|
| 001 | 14376 | ||
| 005 | 20260306164909.0 | ||
| 008 | 260306t2006||||xx |||||||||||||| ||spa|| | ||
| 041 | _aESP | ||
| 082 |
_a512.5 _bK73 2006 |
||
| 100 |
_aKolman, Bernard _eAUT |
||
| 245 | 0 | _aAlgebra lineal | |
| 260 | _c2006 | ||
| 300 |
_av.s páginas : _c25 cm. |
||
| 650 | _aGEN | ||
| 654 | _aCMA | ||
| 942 |
_cLIB _dJUS _fJUS _2ddc _n |
||
| 999 |
_c14376 _d14376 |
||